Statistics for Islands to Countries (Very easy)

Click here to take the quiz!

General Stats

  • This quiz has been taken 31 times
  • The average score is 9 of 10

Answer Stats

HintAnswer% Correct
GreenlandDenmark
100%
SicilyItaly
97%
TasmaniaAustralia
93%
NewfoundlandCanada
93%
CreteGreece
93%
Long IslandUSA
90%
HonshuJapan
87%
MadeiraPortugal
80%
BorneoIndonesia
77%
LuzonPhilippines
70%

Score Distribution

Percentile by Number Answered

Percent of People with Each Score

Your Score History

You have not taken this quiz